| 000 | 00431nam a2200109Ia 4500 | ||
|---|---|---|---|
| 008 | 171204s9999 xx 000 0 und d | ||
| 245 | _aScrewattack's Video Game Vault: | ||
| 245 | _cAustin Harper &6, Ben Singer, Bryan Baker, Chad James, Craig Skistimas, Nick Cramer, Sam Mitchell, Sean Hinz, and Shaun Bolen | ||
| 260 | _c2016 | ||
| 650 | _xVIDEO PRODUCTION AND DIRECTION | ||
| 856 | _uhttp://down.ebook777.com/029/9781633533738.pdf | ||
| 999 |
_c346205 _d346205 |
||